000
00331nam a2200145Ia 4500
003
OSt
008
191201s2010 xx 000 0 und d
082
_a
635
_b
DAW
100
_a
DANDEKAR,M.M.
245
0
_a
Water power Engineering
260
_a
New Delhi
_b
Vikas Pub
_c
2010
300
_a
451
650
_a
B.Tech(CE)
942
_2
ddc
_c
BK
999
_c
6327
_d
6327